Statistics for Antarctica City Quiz

Click here to take the quiz!

General Stats

  • This quiz has been taken 4 times
  • The average score is 2 of 6

Answer Stats

City% Correct
McMurdo
75%
Amundsen-Scott
50%
Esperanza
25%
Marambio
25%
Mirnyj
25%
Presidente Eduardo Frei Montalva
25%

Score Distribution

Percentile by Number Answered

Percent of People with Each Score

Your Score History

You have not taken this quiz